00426nam a22001337a 4500008004100000041000800041080001200049100000600061101000800067245007200075942001200147999001700159952011600176180208b xxu||||| |||| 00| 0 eng d aeng a611.085 a9 ashm ahistological tuping upper respiratory tract tumourscsobin.l.h 2udccBK c42132d42132 00102udc40708PËKGa002b002cPËKGd2018-02-08l0o611.085 subp002-2998635r2018-02-08w2018-02-08yBK